| 000 | 01298nam0a22002891 4500 | ||
|---|---|---|---|
| 001 | RU\INFOCOMM_327\NLR\5000003835 | ||
| 005 | 20250613104517.0 | ||
| 010 |
_91000 экз. _d20 к. |
||
| 035 | _a(NLR Aleph) 009506384 | ||
| 090 |
_a8738155 _c8738155 |
||
| 100 | _a20121204d1933 |||y0rusy50 ca | ||
| 101 | 0 | _apol | |
| 102 | _aRU | ||
| 105 | _ay z ||||| | ||
| 200 | 1 |
_a... Umocnienie kolektywów i zadania siewu wiosennego _eReferat na 1 Wszechzwiązkowym zjeździe kolektywników-szturmowców 16 lutego 1933 r. _fL. Kaganowicz |
|
| 210 |
_aMoskwa _cWyd-wo partyjne _d1933 _g17 ф-ка нац. книги треста "Полиграфкнига" |
||
| 215 |
_a92, [2] с., 2 с. объявл. _d18х14 см |
||
| 300 | _aНа 4 с. обл.: "Л. Каганович. Укрепление колхозов и задачи весеннего сева. Доклад на I Всес. съезде колхозников-ударников. 16 февр. 1933 г." | ||
| 620 | _aМосква | ||
| 686 |
_aУ32(2)181я431 _2rubbk |
||
| 700 | 1 |
_7ba _8rus _aKaganovič _bL. M. _f1893-1991 _gLazar' Moiseevič _9248421 _3RU\NLR\AUTH\770248477 |
|
| 790 | 1 |
_9z01700 _aKaganowicz _bL. _4070 |
|
| 801 | 1 |
_aRU _bNLR _c20121204 |
|
| 801 | 0 |
_aRU _bINFOCOMM _gPSBO |
|
| 852 |
_aNLR _jЕ-8/1953 |
||
| 942 | _cBOOK | ||
| 980 | _aNB | ||